First grade valentines / (Record no. 48513)
| 000 -LEADER | |
|---|---|
| fixed length control field | 00294nam a2200109 4500 |
| 020 ## - INTERNATIONAL STANDARD BOOK NUMBER | |
| International Standard Book Number | 051487003503 |
| 100 ## - MAIN ENTRY--PERSONAL NAME | |
| Personal name | Ryder, Joanne |
| 245 ## - TITLE STATEMENT | |
| Title | First grade valentines / |
| Statement of responsibility, etc | Joanne Rider & Betsy Lewin |
| 260 ## - PUBLICATION, DISTRIBUTION, ETC. (IMPRINT) | |
| Place of publication, distribution, etc | USA |
| Name of publisher, distributor, etc | Troll Associates |
| Date of publication, distribution, etc | 19-- |
| 300 ## - PHYSICAL DESCRIPTION | |
| Extent | 30 p. |
| Other physical details | col. ill. |
| Dimensions | 19 cm. |
| 942 ## - ADDED ENTRY ELEMENTS (KOHA) | |
| Source of classification or shelving scheme | |
| Koha item type | Book |
| Withdrawn status | Lost status | Source of classification or shelving scheme | Damaged status | Not for loan | Home library | Current library | Shelving location | Date acquired | Total Checkouts | Full call number | Barcode | Checked out | Date last seen | Date checked out | Price effective from | Koha item type |
|---|---|---|---|---|---|---|---|---|---|---|---|---|---|---|---|---|
| Asian Hope Early Years Library | Asian Hope Early Years Library | Easy Reading | 03/03/2025 | 5 | E RYD | 207272 | 04/28/2026 | 04/28/2026 | 04/28/2026 | 03/03/2025 | Book |